Всемирный саммит по информационному обществу. "Тунисское обязательство": (Женева, 2003 г. - Тунис, 2005 г.); Библиотековедение; № 1

Bibliographic Details
Parent link:Библиотековедение: журнал.— , 1993-.— 0869-608X
№ 1.— 2006.— С. 44-48
Language:Russian
Published: 2006
Series:Информационное общество
Subjects:
Format: Book Chapter
KOHA link:https://koha.lib.tpu.ru/cgi-bin/koha/opac-detail.pl?biblionumber=400925

MARC

LEADER 00000naa2a2200000 4500
001 400925
005 20231101065449.0
035 |a (RuTPU)RU\TPU\prd\43746 
035 |a RU\TPU\prd\43745 
090 |a 400925 
100 |a 20060529a2006 k y0rusy50 ca 
101 0 |a rus 
102 |a RU 
200 1 |a Всемирный саммит по информационному обществу. "Тунисское обязательство"  |e (Женева, 2003 г. - Тунис, 2005 г.) 
225 1 |a Информационное общество 
461 0 |0 (RuTPU)RU\TPU\prd\1339  |x 0869-608X  |t Библиотековедение  |o журнал  |d 1993- 
463 0 |0 (RuTPU)RU\TPU\prd\43697  |t № 1  |v С. 44-48  |d 2006 
610 1 |a информационное общество 
610 1 |a Всемирный Саммит 
610 1 |a Женева 
610 1 |a Тунис 
610 1 |a Тунисское обязательствао 
801 1 |a RU  |b 63413507  |c 20060529  |g PSBO 
801 2 |a RU  |b 63413507  |c 20060529  |g PSBO 
942 |c BK